Top 5 comuni più popolosi per provincia - Calabria - Statistics

Statistiche generali
  • Questo quiz è stato fatto 91 volte
  • Il punteggio medio è 13 su 25
Statistiche sulle risposte
Provincia Comune N° abitanti % Corretto
Catanzaro Catanzaro 84.115
90%
Cosenza 63.693
90%
Crotone Crotone 58.294
90%
Reggio Calabria Reggio Calabria 169.795
87%
Vibo Valentia Vibo Valentia 31.032
87%
Lamezia Terme 67.211
85%
Cosenza Corigliano-Rossano 74.091
79%
Gioia Tauro 19.236
71%
Rende 36.657
67%
Palmi 18.099
54%
Isola di Capo Rizzuto 17.673
52%
Cirò Marina 14.143
48%
Soverato 8.548
48%
Castrovillari 20.643
46%
Cutro 9.358
44%
Pizzo 8.764
42%
Siderno 17.593
38%
Taurianova 14.788
33%
Montalto Uffugo 20.087
25%
Nicotera 6.557
25%
Serra San Bruno 6.266
25%
Mileto 6.275
21%
Petilia Policastro 8.575
17%
Sellia Marina 7.703
17%
Borgia 7.213
10%
Nessun quiz corrispondente trovato
Distribuzione punteggi
Percentuale di utenti per punteggio
Percentile per numero di risposta
I tuoi punteggi nel tempo
Non hai fatto questo quiz